| 000 | 01278nam a22003377a 4500 | ||
|---|---|---|---|
| 001 | 866 | ||
| 005 | 20230712144655.0 | ||
| 008 | 230712b cb ||||| |||| 00| 0 eng d | ||
| 020 | _a9780545387729 (hardback) | ||
| 020 | _a9780545387736 (paperback) | ||
| 020 | _a9780545469609 (ebook) | ||
| 040 |
_aDLC _cDLC _beng _dDLC |
||
| 050 | 0 | 0 |
_aPZ7.S75663 _bThi 2012 |
| 082 | 0 | 0 |
_a277 _223 |
| 100 | 1 | _aSpinelli, Jerry. | |
| 245 | 1 | 0 |
_aThird grade angels / _cby Jerry Spinelli ; illustrations by Jennifer A. Bell. |
| 250 | _aThis edition first printing, September 2012. | ||
| 260 |
_aNew York : _bScholastic, _c2012. |
||
| 300 |
_a134 pages : _billustrations _c20 cm. |
||
| 500 | _aTitle page signed by author | ||
| 505 | _aG | ||
| 520 |
_a"George 'Suds' Morton competes with his third-grade classmates to earn the first 'halo' of the year for good behavior, but being good turns out to be more stressful than he anticipated"-- _cProvided by publisher. |
||
| 521 |
_a390
_bLexile |
||
| 521 |
_aG
_bRaz-Plus |
||
| 650 | 1 |
_aFriendship _vFiction. |
|
| 650 | 1 |
_aConduct of life _vFiction. |
|
| 650 | 1 |
_aSchools _vFiction. |
|
| 700 | 1 |
_aBell, Jennifer _q(Jennifer A.), _d1977- _eillustrator. |
|
| 906 |
_a7 _bcbc _corignew _d1 _eecip _f20 _gy-gencatlg |
||
| 942 |
_2ddc _cBK _n0 |
||
| 999 |
_c866 _d866 |
||